000 00411nam a2200181Ia 4500
005 20250425161545.0
008 250425s9999 xx 000 0 und d
041 _aeng
082 _aIBM4381
100 _aROCHOW, THEODORE GEORGE
245 0 _aRESINOGRAPHY
250 _aS.E.
260 _aS.L.
260 _aSin Pais
_bPLEN
_c1976
500 _aCLASIFICACION: 668.419
942 _c01
010 _a22987
999 _c211580
_d211580